| 000 | 02601nam0a22002771 4500 | ||
|---|---|---|---|
| 001 | rc\4035687 | ||
| 005 | 20130415134707.1 | ||
| 021 |
_aRU _b[55-1574] |
||
| 035 | _a(NLR Aleph) 008095432 | ||
| 090 |
_a9210389 _c9210389 |
||
| 100 | _a20130415d1954 |||y0rusy50 ca | ||
| 101 | 0 | _arus | |
| 102 | _aRU | ||
| 105 | _ay z ||||| | ||
| 200 | 1 |
_aО религии _e[Сборник] _fИн-т Маркса-Энгельса-Ленина-Сталина при ЦК КПСС |
|
| 210 |
_aМосква _cГосполитиздат _d1954 |
||
| 215 |
_a80 с. _d20 |
||
| 327 | 1 | _aСодерж.: Социализм и религия; Лев Толстой, как зеркало русской революции; Об отношении рабочей партии к религии; Классы и партии в их отношении к религии и церкви; А.М. Горькому. Ноябрь 1913 г.; А.М. Горькому. Декабрь 1913 г.; Речь на I Всероссийском съезде работниц 19 ноября 1918 г.; Из "Проекта программы РКП (б)". Пункт программы в области религиозных отношений; Задачи союзов молодежи: (Речь на III Всерос. съезде Рос. Коммунистич. Союза Молодежи). 2 окт. 1920 г.; Из статьи "О значении воинствующего материализма" | |
| 464 | 0 | _12001#$aСоциализм и религия$aЛев Толстой, как зеркало русской революции$aОб отношении рабочей партии к религии$aКлассы и партии в их отношении к религии и церкви$aА.М. Горькому. Ноябрь 1913 г.$aА.М. Горькому. Декабрь 1913 г.$aРечь на I Всероссийском съезде работниц 19 ноября 1918 г.$aПункт программы в области религиозных отношений$eИз "Проекта программы РКП(б)"$aЗадачи союзов молодежи$e(Речь на III Всерос. съезде Рос. Коммунистич. Союза Молодежи). 2 окт. 1920 г.$aО значении воинствующего материализма$eИз статьи | |
| 606 |
_aРелигия _2psbo |
||
| 700 | 1 |
_aЛенин _bВ. И. _gВладимир Ильич |
|
| 801 | 0 |
_aRU _bNLR _gpsbo |
|
| 801 | 1 |
_aRU _bELAR _2rusmarc |
|
| 852 |
_aNLR _jЛ 1-Сб/207-1 |
||
| 942 | _cBOOK | ||
| 980 | _aNB | ||